000 00927cam a22002291 4500
001 sa 68019375
003 DLC
005 20260227112717.0
008 930712m19561965ii 000 0btam
010 _asa 68019375
035 _a(OCoLC)34925570
040 _aDLC
_cMnU
_dDLC
050 0 0 _aPL4758.9.T487
_bJ3
100 1 _aJakannātan̲, Ki. Vā.,
_d1906-
245 1 0 _aTirumur̲ai malarkaḷ.
250 _a[3. patippu].
260 _aCen̲n̲ai :
_bAmuta Nilaiyam,
_c[1956-1965; v. 1, 1965]
300 _a12 v. in 1 ;
_c19 cm.
500 _aIn Tamil.
505 0 _aVol. 1. Uḷḷam kavar kaḷavan̲ -- v. 2. Pin̲n̲u ceñcatai -- v. 3. Cir̲r̲ampalam -- v. 4. Iravum pakalum -- v. 5. In̲pap pir̲avi -- v. 6 Pēcāta nāḷ - v. 7 Aruḷāḷan̲ -- v. 8. An̲pin̲ uruvam -- v. 9. Oḷivaḷar viḷakku -- v. 10. Ñān̲ak kol̲untu -- v. 11. On̲r̲ai on̲r̲u -- v. 12. Cilampaṭi.
630 0 0 _aTirumur̲ai.
999 _c88872
_d88872